<?xml version="1.0" encoding="UTF-8"?>
<collection xmlns="http://www.loc.gov/MARC21/slim">
 <record>
  <leader>00358pamaa2200133   4500</leader>
  <controlfield tag="001">0000021729</controlfield>
  <controlfield tag="005">20061110090000.0</controlfield>
  <datafield tag="020" ind1="0" ind2="0">
   <subfield code="a">0933377150[paper] </subfield>
  </datafield>
  <datafield tag="090" ind1="0" ind2="0">
   <subfield code="a">PS584 </subfield>
   <subfield code="b">SEA 1991</subfield>
  </datafield>
  <datafield tag="100" ind1="1" ind2="0">
   <subfield code="a">SEATON </subfield>
  </datafield>
  <datafield tag="245" ind1="1" ind2="0">
   <subfield code="a">Fear of subways  </subfield>
   <subfield code="c">Maureen Seaton.</subfield>
  </datafield>
  <datafield tag="260" ind1="0" ind2="0">
   <subfield code="a">Portland: </subfield>
   <subfield code="b">The Eighth Mountain Press, </subfield>
   <subfield code="c">1991.</subfield>
  </datafield>
  <datafield tag="300" ind1=" " ind2=" ">
   <subfield code="a">94p.; </subfield>
   <subfield code="c">23cm.</subfield>
  </datafield>
  <datafield tag="650" ind1="0" ind2="0">
   <subfield code="a">American poetry in English </subfield>
  </datafield>
 </record>
</collection>
